000 00488nam a2200145Ia 4500
008 231129s2015||||xx |||||||||||||| ||spa||
020 _a978-958-734-165-2
040 _bspa
082 _a307.1412861 A489r
100 _aAmaya Navas Óscar
245 0 _aReflexiones sobre el Incoder y la institucionalidad agraria en Colombia
260 _c2015
264 _aBogotá Colombia : Instituto de Estudios del Ministerio Público - IEMP
942 _2ddc
_cBKS
999 _c23836
_d23836